| 000 | 00484nam a2200121Ia 4500 | ||
|---|---|---|---|
| 008 | 220620s9999||||xx |||||||||||||| ||und|| | ||
| 245 | 4 |
_aThe Modernist Bestiary _bTranslating Animals and the Arts through Guillaume Apollinaire, Raoul Dufy and Graham Sutherland |
|
| 546 | _aEnglish[eng] | ||
| 650 | _aComparative literature||History of art | ||
| 700 | _aKay, Sarah||Mathews, Timothy | ||
| 856 | _uhttps://library.oapen.org/bitstream/20.500.12657/39433/1/9781787351516.pdf | ||
| 942 | _cEB | ||
| 999 |
_c25017 _d25017 |
||